1846 1994 1253 1484 1791 1998 1059 1152 1510 1965 1690 1847 1889 1819 1889 1492 1317 1701 1815 1927 1297 1803 1528 1899 1660 1688 1256 1846 1133 1847 1987 1757 1823 1875 1642 1242 1724 1296 2000 1289 1057 1008 1511 1457 1519 1666 1642 1810 1880 1102 1484 1461 1389 1459 1952 1048 1726 1322 1912 1881 1082 1937 1970 1189 1430 1371 1636 1120 1590 1414 1329 1550 1520 1291 1651 1864 1719 1458 1546 1538 1939 1890 1742 1599 1590 1873 1476 1974 1294 1429 1437 1679 1092 1844 1785 1615 1291 1296 1514 BCNSPRNW ULIB Ver.6.0+V

เปลี่ยนเป็นภาษาไทย

Change to English
 แสดงรายละเอียดบรรณานุกรม
  กลับหน้าหลัก

Brief Record : Get Marc (ISO 2709) : E-mail record : QR code < ปิดหน้าต่าง
LEADER : 00000nam 2200000uu 4500
001    13399109714
003     ULIB
008    110410s2547||||th 000 0 tha d
060 04 WC3^bส693ด 2547
245 00 รายงานการสังเคราะห์องค์ความรู้จากการประชุมนานาชาติเรื่องโรคเอดส์ครั้งที่ 15 :^bด้านการดูแลและรักษา /^cประพันธ์ ภานุภาค ... [และคณะ] ; จัดทำโดย สำนักโรคเอดส์ วัณโรค และโรคติดต่อทางเพศสัมพันธ์ กรมควบคุมโรค กระทรวงสาธารณสุข
246 30 การสังเคราะห์องค์ความรู้จากการประชุมนานาชาชาติเรื่องโรคเอดส์ครั้งที่ 15 :^bด้านการดูแลและรักษา
250    พิมพ์ครั้งที่ 1
260    นนทบุรี :^bสำนัก,^c2547
300    ก-ค, 75 หน้า ;^c30 ซม.
650  7 กลุ่มอาการภูมิคุ้มกันเสื่อม^xการรักษา
650  7 โรคเอดส์^xการรักษา
700 0  ประพันธ์ ภานุภาค
710 2  กรมควบคุมโรค. ^bสำนักโรคเอดส์ วัณโรคและโรคติดต่อทางเพศสัมพันธ์
711 2  การประชุมนานาชาติเรื่องโรคเอดส์^n(ครั้งที่ 15 :^d2547 :^cนนทบุรี)
945    ^p0^l0^i016694
995    ทศพร
999 ^a ใช้งานได้ทุกระบบ
รายการนี้ยังไม่มีแท็ก
คุณยังไม่ได้ล็อกอิน คุณสามารถมีกิจกรรมร่วมกับเว็บไซต์ได้ แต่ต้องล็อกอินก่อน ::
  ล็อกอิน

รายการสื่อสารสนเทศ

ลำดับที่ ประเภท เลขเรียก/บาร์โค้ด สถานที่ สถานะ
- ไม่พบข้อมูล -

BibComment


ยังไม่เคยถูกคอมเมนท์

คอมเมนท์ทรัพยากรรายการนี้
  คอมเมนท์: รายงานการสังเคราะ..


 Copyright 2026. Bcnsprnw @Library